000 00720nam a2200205Ii 4500
003 JO-AjNU
008 230605s9999||||xx |||||||||||||| ||und||
040 _aJO-AjNU
_bara
_erda
_cJO-AjNU
041 _aara
050 1 4 _aPJ6106 .A2.2007
100 3 _aتأليف حسن، عباس,
_eauthor
_911546
245 0 0 _aالنحو الوافي ، مع ربطة بالأساليب الرفيعة والحياة اللغوية المتجددة 
250 _aط1
264 3 1 _aبيروت: مكتبة المحمدي، 2007
300 _aج1، 584ص
336 _atext
_btxt
_2rdacontent
337 _aunmediated
_bn
_2rdamedia
338 _avolume
_bnc
_2rdacarrier
650 4 _a اللغة العربية -- قواعد
_911547
999 _aA2380
_c5948
_d5948